000 00357nam a22001457a 4500
003 macl
005 20180427144509.0
008 180427b xxu||||| |||| 00| 0 eng d
040 _cmacl
100 _aAli Akbar Hussain
_972348
245 _aCommon Errors at a Glance
260 _aChennai
_bMcgraw hill
_c2018
650 _aLanguage
_972409
942 _2ddc
_cBK
999 _c57999
_d57999